Sportovní trénink začátečníků a sportovců nižší výkonnosti /

Hlavní autor: Choutková-Cvrková, Božena, 1919-
Jazyk: Čeština
Vydáno: Praha : Socialistická akademie, 1966
Edice: Studijní materiály
Fyzický popis: 22 s.
Knihy
Uloženo v:
LEADER 00906nam a22002411a 4500
001 000709590
003 CZ BrMZK
005 20200723105810.0
008 040325s1966 xr e cze d
015 |a cnb000491051 
035 |a (OCoLC)42130446 
040 |a BOA001  |b cze  |c BOA001 
100 1 |a Choutková-Cvrková, Božena,  |d 1919-  |7 jk01050325  |4 aut 
245 1 0 |a Sportovní trénink začátečníků a sportovců nižší výkonnosti /  |c Božena Choutková-Cvrková 
260 |a Praha :  |b Socialistická akademie,  |c 1966 
300 |a 22 s. 
490 1 |a Studijní materiály 
500 |a Rozmnoženo 
830 0 |a Studijní materiály 
910 |a BOA001  |b PK-N-0009.073  |b X2-0559.526 
990 |a BK 
996 6 |b 2618867380  |c X2-0559.526  |l MZK  |r Sklad / do 24 hodin  |n 0  |w 000709590  |u 000020  |a 1  |e BOA001  |j MZK50  |s P 
996 7 |b 3119677224  |c PK-N-0009.073  |l MZK  |r Sklad / do 1 hodiny  |n 2  |w 000709590  |u 000010  |a 1  |e BOA001  |j MZK50  |s A